| 000 | 01217nam a2200301 u 4500 | ||
|---|---|---|---|
| 005 | 20230517063601.0 | ||
| 008 | 200212s2018 mx r 000 0 spa d | ||
| 020 |
_a786078611188 _q(Instituto Mora) |
||
| 020 |
_a9786078566372 _q(Universidad Anáhuac México) |
||
| 035 | _aUPN01000235530 | ||
| 040 |
_aMX-MxUPN _bspa _cMX-MxUPN |
||
| 041 | 0 | _aspa | |
| 050 | 4 |
_aHJ2460.5 _bF57 2018 |
|
| 245 | 1 | 0 |
_aFiscalidad iberoamericana, siglos XVII-XX : _btransiciones, diseños administrativos y jurídicos |
| 250 | _aPrimera edición | ||
| 260 |
_aCiudad de México : _bInstituto de Investigaciones Dr. José María Luis Mora |
||
| 260 |
_aHuixquilucan, Estado de México : _bUniversidad Anáhuac México, _c2018. |
||
| 300 |
_a335 páginas : _bilustraciones, tablas, mapas, gráficas |
||
| 490 | _aHistoria económica | ||
| 650 | 0 |
_948710 _aImpuestos _zAmérica Latina _xHistoria _vCongresos |
|
| 650 | 2 |
_927797 _aFinanzas públicas _zAmérica Latina _xHistoria _ySiglo XVIII |
|
| 700 | 1 |
_948914 _aJáuregui, Luis, _d1956- _ecoordinación |
|
| 700 | 1 |
_aBecerril Hernández, Carlos de Jesús _ecoordinación _938826 |
|
| 902 | _bNoemiAcosta/210423 | ||
| 905 | _aLibro | ||
| 942 |
_n0 _2lcc _cLIBRO |
||
| 999 |
_c207625 _d207625 |
||